000 00435nam a22001457a 4500
999 _c12988
_d12988
008 190206b ||||| |||| 00| 0 eng d
020 _a9715423590
082 _22002
_aDFil 899.2111
_bAb1
100 _aAbad, Gemino H.
_936644
245 _aHow to think rarely/
_cGemino H. Abad.
260 _aQuezon City:
_bUP Press,
_cc2002.
300 _aviii, page 6;
_c 20 cm.
650 _aPhilippine poetry (English).
_936645
942 _2ddc
_cDFIL